00534nam a2200181Ia 4500008004100000020002200041082001200063100001800075245003000093250001200123260002600135300001700161600002100178650002100199942000800220952010700228999001700335241115s9999 xx 000 0 und d a978-0-07-059374-9 a004 NOR aNorton, Peter 0aIntroduction To Computers a6th ed. a:bMcGraw Hill,c1996 axxviii,656p. aComputer Science aComputer Science cBBD 001040708BB-CSaUITUbUITUd2005-11-17eFBCg77.50l0pBB1301r2024-11-15 09:47:28w0000-00-00yBBD c25794d25794